Wheel of Time Blue Ajah Sudden Death - Statistics

General Stats
  • This quiz has been taken 57 times
  • The average score is 5 of 17
Answers on the Grid
Answers color-coded by a green-red scale on the quiz's grid according to % correct below.
Faolain Orande
Adine Canford
Lyrelle Arienwin
Eadyth
Cetalia Delarme
Moiraine Damodred
Reiko Kerevon
Sheraine Caminelle
Maigan
Berylla Naron
Anaiya Carel
Natasia
Liandrin Guirale
Kirin Melway
Shein Chunla
Meilyn Arganya
Jarna Malari
Marthera
Doesine Alwain
Shahal Comanli
Escaralde Hamdey
Melare
Siuan Sanche
Kairen Stang
Nisain a'Cowel
Lannis
Edarna Noregovna
Tamra Ospenya
Duhara Basaheen
Akoure Vayet
 
Answer Stats
Answer % Correct
Moiraine Damodred
81%
Siuan Sanche
78%
Anaiya Carel
63%
Tamra Ospenya
41%
Lyrelle Arienwin
38%
Faolain Orande
28%
Cetalia Delarme
25%
Maigan
25%
Adine Canford
22%
Eadyth
22%
Kairen Stang
22%
Sheraine Caminelle
22%
Natasia
19%
Berylla Naron
16%
Edarna Noregovna
16%
Reiko Kerevon
9%
Lannis
6%
No matching quizzes found
Score Distribution
Percent of People with Each Score
Percentile by Number Answered
Your Score History
You have not taken this quiz